The reader (Record no. 288958)
[ view plain ]
| 000 -LEADER | |
|---|---|
| fixed length control field | 00852nam a22002897a 4500 |
| 003 - CONTROL NUMBER IDENTIFIER | |
| control field | PILC |
| 005 - DATE AND TIME OF LATEST TRANSACTION | |
| control field | 20151110154229.0 |
| 008 - FIXED-LENGTH DATA ELEMENTS--GENERAL INFORMATION | |
| fixed length control field | 151110b xxu||||| |||| 00| 0 eng d |
| 020 ## - INTERNATIONAL STANDARD BOOK NUMBER | |
| International Standard Book Number | 9780375707971 |
| 020 ## - INTERNATIONAL STANDARD BOOK NUMBER | |
| International Standard Book Number | 0375707972 |
| 035 ## - SYSTEM CONTROL NUMBER | |
| System control number | (DLC) 97001511 |
| 050 ## - LIBRARY OF CONGRESS CALL NUMBER | |
| Classification number | PT 2680. L54 V6713 1997 |
| 100 ## - MAIN ENTRY--PERSONAL NAME | |
| Personal name | Schlink, Bernhard. |
| 240 ## - UNIFORM TITLE | |
| Uniform title | <a href="Vorleser. English">Vorleser. English</a> |
| 245 ## - TITLE STATEMENT | |
| Title | The reader |
| Statement of responsibility, etc | Bernhard Schlink ; translated from the German by Carol Brown Janeway. |
| 250 ## - EDITION STATEMENT | |
| Edition statement | 1st American ed. |
| 260 ## - PUBLICATION, DISTRIBUTION, ETC. (IMPRINT) | |
| Place of publication, distribution, etc | New York |
| Name of publisher, distributor, etc | Pantheon Books, |
| Date of publication, distribution, etc | c1997 |
| 300 ## - PHYSICAL DESCRIPTION | |
| Extent | 218 p. ; |
| Dimensions | 20 cm |
| 650 ## - SUBJECT ADDED ENTRY--TOPICAL TERM | |
| Topical term or geographic name as entry element | World War, 1939-1945 |
| General subdivision | Atrocities |
| 650 ## - SUBJECT ADDED ENTRY--TOPICAL TERM | |
| General subdivision | Fiction |
| 650 ## - SUBJECT ADDED ENTRY--TOPICAL TERM | |
| Topical term or geographic name as entry element | War crime trials |
| General subdivision | Fiction |
| 651 ## - SUBJECT ADDED ENTRY--GEOGRAPHIC NAME | |
| Geographic name | Germany |
| General subdivision | Fiction |
| 655 ## - INDEX TERM--GENRE/FORM | |
| Genre/form data or focus term | Love stories. |
| 655 ## - INDEX TERM--GENRE/FORM | |
| Genre/form data or focus term | Psychological fiction. |
| 700 ## - ADDED ENTRY--PERSONAL NAME | |
| Personal name | Janeway, Carol Brown. |
| 942 ## - ADDED ENTRY ELEMENTS (KOHA) | |
| Koha item type | Books |
| Source of classification or shelving scheme | Library of Congress Classification |
| Withdrawn status | Lost status | Source of classification or shelving scheme | Damaged status | Home library | Current library | Shelving location | Date acquired | Source of acquisition | Sub Shelving location | Total Checkouts | Total Renewals | Full call number | Barcode | Date last seen | Date checked out | Price effective from | Koha item type |
|---|---|---|---|---|---|---|---|---|---|---|---|---|---|---|---|---|---|
| Library of Congress Classification | Luxembourg Library | Luxembourg Library | International Baccalaureate Section | 11/10/2015 | Library Fund | 5 | 21 | PT 2680. L54 V6713 1997 | 20125 | 03/19/2018 | 03/12/2018 | 11/10/2015 | Books | ||||
| Library of Congress Classification | Luxembourg Library | Luxembourg Library | International Baccalaureate Section | 11/10/2015 | Library Fund | 2 | PT 2680. L54 V6713 1997 | 20126 | 03/19/2018 | 03/05/2018 | 11/10/2015 | Books |